000 00251nam a2200097Ia 4500
008 240331s9999 xx 000 0 und d
082 _bSAL
100 _aSalahuddian, K
245 0 _aRural women in poverty :
_bNGO interventions for alleviation
942 _cL
999 _c2343
_d2343